Bulgaria all time starting xi - Statistics

General Stats
  • This quiz has been taken 73 times
  • The average score is 4 of 11
Answer Stats
Hint Answer % Correct
FW(1986-1999 Hristo Stoichkov
93%
FW(1999-2010 Dimitar Berbatov
90%
FW(1999-2011 Martin Petrov
44%
MF(1998-2012 Stilliyan Petrov
44%
DF(1988-1998 Trifon Ivanov
39%
GK(1983-1998 Borislav Mihaylov
32%
MF(1988-2003 krasimir Balakov
31%
MF(1967-1979 Hristo Bonev
12%
DF(1996-2009 Radostin Kishishev
8%
DF(1978-1988 Georgi Dimitrov
5%
DF(1961-1974 dobromir zhechev
3%
No matching quizzes found
Score Distribution
Percent of People with Each Score
Percentile by Number Answered
Your Score History
You have not taken this quiz